[Event "SVR-op 36th"]
[Site "Idar Oberstein"]
[Date "2013.03.24"]
[Round "3"]
[White "Agne, Michelle"]
[Black "Wohde, Guenter"]
[Result "1/2-1/2"]
[WhiteElo "1149"]
[BlackElo "1049"]
[PlyCount "85"]
[EventDate "2013.03.23"]
[EventType "swiss"]
[EventRounds "7"]
[EventCountry "GER"]
[SourceTitle "EXT 2014"]
[Source "ChessBase"]
[SourceDate "2013.11.20"]
[SourceVersion "1"]
[SourceVersionDate "2013.11.20"]
[SourceQuality "1"]

1. Nf3 Nc6 2. e4 e5 3. Bc4 Nf6 4. Ng5 d5 5. exd5 Nxd5 6. Qf3 Be6 7. Nxe6 fxe6 8. Bb5 Qf6 9. Bxc6+ bxc6 10. Qb3 Bc5 11. Rf1 0-0 12. Qg3 Nb4 13. Na3 Bd6 14. d3 e4 15. Qh3 Bf4 16. Bxf4 Qxb2 17. Rc1 Rxf4 18. Qe3 Nd5 19. Qd2 Qxa3 20. c4 e3 21. fxe3 Rxf1+ 22. Kxf1 Qb4 23. Qe2 Rf8+ 24. Kg1 Qa3 25. Rf1 Rxf1+ 26. Kxf1 Nc3 27. Qg4 Qf8+ 28. Ke1 Qf5 29. Qd4 Na4 30. Qd8+ Qf8 31. Qxc7 Qb4+ 32. Kf2 Nb2 33. Qxc6 Nxd3+ 34. Kg3 Qb8+ 35. Kh4 Qxh2+ 36. Kg5 Qe5+ 37. Kh4 Qf6+ 38. Kh3 Qf7 39. Qc8+ Qf8 40. Qxe6+ Qf7 41. Qc8+ Qf8 42. Qe6+ Qf7 43. Qc8+ 1/2-1/2